Vista normal Vista MARC

Entrada Personal Name

Número de registros utilizados en: 1

001 - CONTROL NUMBER

  • control field: 68580

003 - CONTROL NUMBER IDENTIFIER

  • control field: OSt

005 - DATE AND TIME OF LATEST TRANSACTION

  • control field: 20260204224840.0

008 - FIXED-LENGTH DATA ELEMENTS

  • fixed length control field: 260204|| aca||aabn | a|a d

040 ## - CATALOGING SOURCE

  • Original cataloging agency: OSt
  • Transcribing agency: OSt

100 ## - HEADING--PERSONAL NAME

  • Personal name: Carrión Gútiez, Manuel
  • Dates associated with a name: 1930-2016

670 ## - SOURCE DATA FOUND

  • Source citation: Work cat.: (OSt)60409: Petrini, Enzo 68579, Estudio crítico de la literatura juvenil









Instituto Departamental de Cultura del Meta - Red Departamental de Bibliotecas Públicas del Meta.